Statistics for Post-War Liverpool FC Managers

Click here to take the quiz!

General Stats

  • This quiz has been taken 196 times
  • The average score is 11 of 15

Answer Stats

YearsManager% Correct
2015-Jürgen Klopp
99%
2012-2015Brendan Rodgers
92%
2011-2012Kenny Dalglish
92%
1985-1991Kenny Dalglish
92%
2004-2010Rafael Benítez
89%
1959-1974Bill Shankly
86%
1974-1983Bob Paisley
86%
2010-2011Roy Hodgson
83%
1998Roy Evans and Gérrard Houllier
81%
1998-2004Gérrard Houllier
79%
1991-1994Graeme Souness
70%
1994-1998Roy Evans
68%
1983-1985Joe Fagan
60%
1956-1959Phil Taylor
15%
1951-1956Don Welsh
11%

Score Distribution

Percentile by Number Answered

Percent of People with Each Score

Your Score History

You have not taken this quiz